Cursed Jetpunk quiz - Statistics

General Stats
  • This quiz has been taken 152 times
  • The average score is 5 of 15
Answer Stats
Question Answer % Correct
Chad is the future of Africa True
63%
Who would win a all out war? Luxembourg
50%
Egypt and Ethiopia are the sole world superpowers True
50%
The answer is false True
50%
The Soviet Union invaded South Sudan in 1914 True
44%
The largest state in the US is Rhode Island True
38%
Who killed Julius Caeser? Kim Jong Un
31%
Italy invaded the German Empire in 1950 True
31%
Japan is in Asia False
25%
Does Taiwan reconize the Federal Republic of Jetpunk? This is the reason Jetpunk reconizes Taiwan
25%
Argentina is the smallest nation in Jupiter True
25%
Which quizzer has the highest level in Jetpunk? Kalbahamut
19%
Which nation threatens US the most? North Korea
19%
Sao Paulo is the smallest country in the continent of Monaco True
19%
What is the most played quiz on Jetpunk? Youtube polls
13%
No matching quizzes found
Score Distribution
Percent of People with Each Score
Percentile by Number Answered
Your Score History
You have not taken this quiz